| 000 | 00540cam a22002171 4500 | ||
|---|---|---|---|
| 001 | sa 65000295 | ||
| 003 | DLC | ||
| 005 | 20260227112102.0 | ||
| 008 | 890816m19639999ii 000 0 malo | ||
| 010 | _asa 65000295 | ||
| 035 | _a(OCoLC)20185157 | ||
| 040 |
_aDLC _cWaU _dDLC |
||
| 042 | _apremarc | ||
| 050 | 0 | 0 |
_aPL4718.1 _b.K7 |
| 100 | 2 |
_aKrishna Iyer, Chennithala, _d1889- |
|
| 245 | 1 | 0 | _aMaṇmar̥añña bhāṣākavikaḷ. |
| 260 | _c[1963- | ||
| 300 |
_av. _c18 cm. |
||
| 500 | _aIn Malayalam. | ||
| 650 | 0 | _aPoets, Malayalam. | |
| 999 |
_c61483 _d61483 |
||